000 00842nam a2200241Ia 4500
003 OSt
005 20220923212528.0
006 a|||||r|||| 00| 0
007 ta
008 220922b |||||||| |||| 00| 0 hin d
024 _a153,824
037 _cTextual
040 _aARTS
_cARTS
_bhin
041 _2hin
_ahin
082 _aO15:gx(P), 152M3-;1
100 _aराय, त्रिभुवन
245 0 _aध्वनि सिद्धान्त और हिन्दी के प्रमुख आचार्य
246 _aDhvani siddhānta aur hindī ke pramukh āchārya
260 _aबम्बई
_b अरविन्द प्रकाशन
_c1983
300 _a357 पृ.
_ccm.
942 _hO15:gx(P), 152M3-;1
_cTEXL
_2CC
999 _c309461
_d309461